000 00431nam a2200145 a 4500
001 000039981
005 20201002033839.0
008 130801s1964 xxug 000 0 spa d
040 _aDO-SdBNP
_bspa
_cBNPHU
082 _axxxx
_bxxxx
245 0 0 _aAlabanzas juveniles.
260 _aEl Paso, Texas, Estados Unidos :
_bCasa Bautista de Publicaciones,
_c1964.
300 _a34 p. :
_bmúsica ;
_c22 cm.
590 _aInventariado, 2019/ YL
999 _c39471
_d39471